Normal view
MARC view
- Siddique, Abu Bakkar
Entry Personal Name
001 - CONTROL NUMBER
- control field: 113231
003 - CONTROL NUMBER IDENTIFIER
- control field: NUST
005 - DATE AND TIME OF LATEST TRANSACTION
- control field: 20230622120101.0
008 - FIXED-LENGTH DATA ELEMENTS
- fixed length control field: 230622|| aca||aabn | a|a d
040 ## - CATALOGING SOURCE
- Original cataloging agency: NUST
- Transcribing agency: NUST
100 ## - HEADING--PERSONAL NAME
- Personal name: Siddique, Abu Bakkar
670 ## - SOURCE DATA FOUND
- Source citation: Work cat.: (NUST): Siddique, Abu Bakkar, Al- Mosoaa Tul-Qazayah:, 2004.
